Análisis literario de;Don Quijote de la mancha : (Registro nro. 25488)

Detalles MARC
000 -CABECERA
Longitud fija campo de control 00634nam a2200205 a 4500
003 - • IDENTIFICADOR DELl NÚMERO DE CONTROL
Identificador del número de control CO-ViMGA
008 - • CÓDIGOS DE INFORMACIÓN DE LONGITUD FIJA
Códigos de información de longitud fija 141112s2004 ck r 000 u spa d
020 ## - • NÚMERO INTERNACIONAL NORMALIZADO PARA LIBROS
Número Internacional Normalizado para Libros (ISBN) 9580204667
040 ## - FUENTE DE LA CATALOGACIÓN
Centro catalogador de origen CO-ViMGA
Lengua de catalogación spa
Centro transcriptor CO-ViMGA
082 04 - • NÚMERO DE LA CLASIFICACIÓN DECIMAL DEWEY
Número de clasificación (R) 860.4 F567
100 1# - • PUNTO DE ACCESO PRINCIPAL-NOMBRE DE PERSONA
Nombre de persona Flores, Alfonso
245 10 - • TITULO PROPIAMENTE DICHO
Título Análisis literario de;Don Quijote de la mancha :
Resto del título Miguel de Cervantes Saavedra
300 ## - • DESCRIPCIÓN FÍSICA
Extensión 2 vol.
505 ## - • NOTA DE CONTENIDO CON FORMATO
Nota de contenido con formato Volumenes I Y II
650 14 - • PUNTO DE ACCESO ADICIONAL DE MATERIA - TÉRMINO DE MATERIA
Término de materia o nombre geográfico como elemento inicial CERVANTES SAAVEDRA, MIGUEL DE - BIOGRAFIA
650 14 - • PUNTO DE ACCESO ADICIONAL DE MATERIA - TÉRMINO DE MATERIA
Término de materia o nombre geográfico como elemento inicial EL QUIJOTE DE LA MANCHA - ANALISIS LITERARIO
942 ## - ENTRADA DE ELEMENTOS AGREGADOS (KOHA)
Fuente de clasificaión o esquema Dewey Decimal Classification
Koha [por defecto] tipo de item LIbro

No hay ítems disponibles.










Instituto Departamental de Cultura del Meta - Red Departamental de Bibliotecas Públicas del Meta.